000 00478nam a2200157 4500
001 148957
003 ES-MaACL
005 20230906202903.0
007 t|
008 070214s1958 ag r ||||1| spa d
100 1 _aSurnom, Georges.
_9108835
245 1 0 _a143 modelos de cerrajería
_b: puertas, verjas, rejas, barandillas /
_cGeorges Surnom.
260 _aBuenos Aires :
_bGustavo Gili,
_c1958.
300 _a6 h., 87 lám. ;
_c27 cm.
852 _aES-MaACL
_jC-14656
_bR.42702
999 _c148957
_d148957